Federico de Madrazo (Record no. 5271)

MARC details
000 -CABECERA
campo de control de longitud fija 00739nam a2200229 a 4500
001 - NÚMERO DE CONTROL
campo de control BRCA_5577
005 - FECHA Y HORA DE LA ÚLTIMA TRANSACCIÓN
campo de control 20190320205134.0
008 - DATOS DE LONGITUD FIJA--INFORMACIÓN GENERAL
campo de control de longitud fija 180211s1920----sp-a######---#000-0#spa-#
041 ## - CÓDIGO DE LENGUA
Código de lengua del texto/banda sonora o título independiente spa
044 ## - CÓDIGO DEL PAÍS DE LA ENTIDAD EDITORA/PRODUCTORA
Código MARC del país sp
050 #4 - SIGNATURA TOPOGRÁFICA DE LA BIBLIOTECA DEL CONGRESO
Número de clasificación ND813.M3
Número de documento/Ítem .M32 1920
245 10 - MENCIÓN DE TÍTULO
Título Federico de Madrazo
Mención de responsabilidad, etc. Mariano de Madriano; fototipia de Hauser y Menet, Castañeira y Álvarez.
260 ## - PUBLICACIÓN, DISTRIBUCIÓN, ETC.
Lugar de publicación, distribución, etc. Madrid
Nombre del editor, distribuidor, etc. Tipografía Artística Cervantes
Fecha de publicación, distribución, etc. 1920
300 ## - DESCRIPCIÓN FÍSICA
Extensión 13 p.
Otras características físicas il., 43 láminas
Dimensiones 21 cm.
440 #0 - MENCIÓN DE SERIE/PUNTO DE ACCESO ADICIONAL--TÍTULO
Título Biblioteca Estrella
Nombre de parte o sección de la obra Monografías de arte
9 (RLIN) 14224
500 ## - NOTA GENERAL
Nota general Estado físico: camisa un poco rota
500 ## - NOTA GENERAL
Nota general F52
600 14 - PUNTO DE ACCESO ADICIONAL DE MATERIA--NOMBRE DE PERSONA
Nombre de persona Madrazo y Kuntz, Federico de
Fechas asociadas al nombre 1815-1894
9 (RLIN) 14225
650 14 - PUNTO DE ACCESO ADICIONAL DE MATERIA--TÉRMINO DE MATERIA
Término de materia o nombre geográfico como elemento de entrada Pintores españoles
9 (RLIN) 7620
902 ## - CATALOGADOR
Iniciales GFM
942 ## - ELEMENTOS DE PUNTO DE ACCESO ADICIONAL (KOHA)
Fuente del sistema de clasificación o colocación Library of Congress Classification
Tipo de ítem Koha Libros
Holdings
Estado de retiro Estado de pérdida Estado dañado No para préstamo Localización permanente Ubicación/localización actual Fecha de adquisición Número de inventario Total de préstamos Signatura topográfica completa Código de barras Fecha visto por última vez Precio válido a partir de Tipo de ítem Koha
El ejemplar forma parte de la colección y puede ser consultado según las políticas vigentes.       Biblioteca del Museo Franz Mayer (Rogerio Casas-Alatriste) Biblioteca del Museo Franz Mayer (Rogerio Casas-Alatriste) 11/02/2011 F52   ND813.M3 .M32 1920 (F52) 6013 22/03/2019 22/03/2019 Libros